=LDR 00000nam 2200000 4500 =001 INLIS000000000028353 =005 20200414093002 =035 ##$$a 0010-061300000028353 =008 200414################g##########0#ind## =041 ##$$a Ind =082 ##$$a 2X3.72 =090 ##$$a 2X3.72, Als k =100 1#$$a Alsya'rawi, Muhammad Mutawali =245 1#$$a Karena setan musuh kita! : $b memehami pertarungan abadi antara setan dan manusia, Muhammad Mutawali Al Sya'rawi; penerjemah Agung Ackman /$c Muhammad Mutawali Al Sya'rawi; penerjemah Agung Ackman =260 ##$$a Jakarta :$b Mirqat Publishing,$c 2007 =300 ##$$a x, 110 hlm, ; $c 13 x 20 cm =650 #4$$a Syetan =850 ##$$a NBPNMAT =020 ##$$a 979-1234-11-6 =084 ##$$a 2X3.72 ALS k =250 ##$$a cet.5 =990 ##$$a 21400613/BPAP-NTB/20142014 =990 ##$$a 21400613/BPAP-NTB/20142014 =990 ##$$a 0001/BPAP-NTB/2016